| 000 | 00633nam a2200205 i 4500 | ||
|---|---|---|---|
| 001 | 81398 | ||
| 003 | ES-MaACL | ||
| 005 | 20250716062620.0 | ||
| 007 | t| | ||
| 008 | 041104q19001999ag ||||0| spa d | ||
| 040 |
_aM-BN _bspa _cM-BN |
||
| 100 | 1 |
_aHugo, Victor, _d1802-1885 _964627 |
|
| 245 | 1 | 0 |
_aCartas a la novia _b; Bug Jargal ; Claudio Gueux ; Canciones de las calles y de los bosques : (obras de su juventud) / _cVictor Hugo. |
| 250 | _aNovĂsima ed. | ||
| 260 |
_aBuenos Aires : _b[s.n., _c19--?] |
||
| 300 |
_a352 p ; _c21 cm. |
||
| 852 |
_aES-MaACL _jC-26310 _bR.55241 |
||
| 999 |
_c81398 _d81398 |
||